|
|
|
|
| LEADER |
00000nam0a2200000 4500 |
| 001 |
366388 |
| 005 |
20231102011858.0 |
| 035 |
|
|
|a (RuTPU)RU\TPU\retro\23751
|
| 090 |
|
|
|a 366388
|
| 100 |
|
|
|a 20220207d1979 m y0rusy50 ca
|
| 101 |
0 |
|
|a rus
|
| 102 |
|
|
|a RU
|
| 105 |
|
|
|a a j 001zy
|
| 200 |
1 |
|
|a Полупроводниковые излучательные приборы
|e учебное пособие
|f Б. Л. Антипов, О. А. Изумрудов, Г. А. Савельев, Н. Н. Семенов
|g Ленинградский электротехнический институт ; под ред. В. В. Пасынкова
|
| 210 |
|
|
|a Ленинград
|c [Б. и.]
|d 1979
|
| 215 |
|
|
|a 90 с.
|c ил.
|
| 320 |
|
|
|a Библиогр.: с. 88
|
| 606 |
1 |
|
|a Полупроводниковые приборы
|2 stltpush
|3 (RuTPU)RU\TPU\subj\50669
|9 69320
|
| 610 |
1 |
|
|a поликристаллические структуры
|
| 610 |
1 |
|
|a электролюминесценция
|
| 610 |
1 |
|
|a поликристаллические порошковые излучатели
|
| 610 |
1 |
|
|a поликристаллические пленочные излучатели
|
| 610 |
1 |
|
|a поликристаллические электролюминесцентные устройства
|
| 610 |
1 |
|
|a световая информация
|
| 610 |
1 |
|
|a цветовая информация
|
| 610 |
1 |
|
|a зрительное восприятие
|
| 610 |
1 |
|
|a учебные пособия
|
| 675 |
|
|
|a 621.382(075.8)
|v 4
|
| 701 |
|
1 |
|a Антипов
|b Б. Л.
|g Борис Львович
|
| 701 |
|
1 |
|a Изумрудов
|b О. А.
|g Олег Алексеевич
|
| 701 |
|
1 |
|a Савельев
|b Г. А.
|g Георгий Анатольевич
|
| 701 |
|
1 |
|a Семенов
|b Н. Н.
|g Николай Николаевич
|
| 702 |
|
1 |
|a Пасынков
|b В. В.
|4 340
|
| 712 |
0 |
2 |
|a Ленинградский электротехнический институт
|2 stltpush
|3 (RuTPU)RU\TPU\col\289
|9 23324
|
| 801 |
|
1 |
|a RU
|b 63413507
|c 20220207
|
| 801 |
|
2 |
|a RU
|b 63413507
|c 20220207
|g RCR
|
| 942 |
|
|
|c BK
|